000 00653 a2200193 4500
003 NUST
005 20251113180905.0
040 _cNust
082 _a621.382,FAZ
100 _aFazal, GC Waqas (TCC-14)
_9131899
245 _aTool for RF optimization & troubleshooting for GSM networks /
_cGC Waqas Fazal and GC Ajlaan
260 _aRawalpindi
_bMCS (NUST)
_c2006
300 _a49 p.;
505 _aIntroduction (Page-1), Mobile Station (Page-3), GSM Architecture (Page-7), Statistics (Page-33), Designing Tool (Page-46).
650 _aUG Projects
_998716
651 _aTCC-14
700 _aSupervised by Mr. Zuhair
_9131900
942 _cPR
_2ddc
999 _c183539
_d183539